000 00425nam a2200193Ia 4500
005 20240823054307.0
008 240823s9999||||xx |||||||||||||| ||und||
020 _a978-93-84052-45-4
041 _aENGLISH
082 _A822.912 Q5
100 _aBernard Shaw
245 0 _aArms and the Man
250 _a1st
260 _c2015
_bBlooms
500 _aYES
650 _aNovel
_bGeneral
942 _cBK
999 _c226122
_d226122